Utah Jazz Most Common Starting Lineups - Statistics

General Stats
  • This quiz has been taken 9 times
  • The average score is 20 of 30
Answer Stats
Year(s) Pos. Player % Correct
2020-2022 (108 Games) SG Donovan Mitchell
100%
2018-2019 (95 Games) SG Donovan Mitchell
100%
1991-1992 (123 Games) SG Jeff Malone
100%
1991-1992 (123 Games) PG John Stockton
100%
1997-2000 (119 Games) PG John Stockton
100%
1991-1992 (123 Games) PF Karl Malone
100%
1997-2000 (119 Games) PF Karl Malone
100%
1991-1992 (123 Games) C Mark Eaton
100%
1984-1985 (81 Games) C Mark Eaton
100%
2020-2022 (108 Games) C Rudy Gobert
100%
2018-2019 (95 Games) C Rudy Gobert
100%
1997-2000 (119 Games) SG Jeff Hornacek
88%
2007-2010 (87 Games) SF Andrei Kirilenko
75%
2007-2010 (87 Games) PG Deron Williams
75%
1997-2000 (119 Games) SF Bryon Russell
63%
2007-2010 (87 Games) PF Carlos Boozer
63%
1984-1985 (81 Games) SF Adrian Dantley
50%
1997-2000 (119 Games) C Greg Ostertag
50%
2020-2022 (108 Games) PG Mike Conley
50%
2020-2022 (108 Games) PF Bojan Bogdanovic
38%
1984-1985 (81 Games) SG Darrell Griffith
38%
2018-2019 (95 Games) SF Joe Ingles
38%
2007-2010 (87 Games) C Mehmet Okur
38%
1984-1985 (81 Games) PG Rickey Green
38%
2018-2019 (95 Games) PG Ricky Rubio
38%
2020-2022 (108 Games) SF Royce O'Neale
38%
2018-2019 (95 Games) PF Derrick Favors
25%
2007-2010 (87 Games) SG Ronnie Brewer
25%
1984-1985 (81 Games) PF Thurl Bailey
25%
1991-1992 (123 Games) SF Blue Edwards
0%
No matching quizzes found
Score Distribution
Percent of People with Each Score
Percentile by Number Answered
Your Score History
You have not taken this quiz